00983cam a22002531 4500952012900000999001700129001000800146003000400154005001700158008004100175010001700216040001800233050002100251082001500272100005500287245007800342260005600420300000900476500013400485650002700619650002200646650002500668942003600693 00102ddc40708HISTORYaMESbMEScHISd2019-02-20g30.00l0o901 CHI/Cp18345r2019-02-20 00:00:00w2019-02-20yBKzGL42R2 c22238d222381691767OSt20201118160553.0730208r19461942nyu 000 0 eng  a 46008499  aDLCcDLCdDLC00aCB311b.C54 194600a901bCHI/C1 aChilde, V. Gordonq(Vere Gordon),d1892-19579191010aCaritrattil entu sambhaviccu = What happened in history /cGordon Childe. aThrissur:bKerala Shastra Sahithya Parishad,c1988. a332p a"Originally published ... by Penguin books limited, England, 1942 ... First American edition by Penguin books, inc. March, 1946." 0aCivilization, Ancient. 0aHistory, Ancient. 0aPrehistoric peoples. 2ddccBKh901iCHI/Ck901mCHI/C